Alle Deutsche Kennzeichen (Ohne Kreise) - Statistiken

Allgemein
  • Dieses Quiz wurde 291 mal gespielt
    214 seit der letzten Aktualisierung
  • Das Durchschnittsergebnis liegt bei 158 aus 587
Antwortstatistiken
Code Stadt % Korrekt
AC Aachen
88%
A Augsburg
83%
B Berlin
82%
HH Hamburg
80%
H Hannover
78%
M München
74%
K Köln
73%
D Düsseldorf
72%
F Frankfurt am Main
72%
HB Bremen
71%
E Essen
71%
C Chemnitz
70%
DD Dresden
70%
J Jena
69%
DO Dortmund
68%
KI Kiel
67%
L Leipzig
67%
BAD Baden-Baden
66%
Göttingen
66%
P Potsdam
65%
AA Aalen
64%
BI Bielefeld
64%
FG Freiberg
63%
REG Regen
62%
BRG Burg
61%
R Regensburg
61%
S Stuttgart
61%
CUX Cuxhaven
60%
N Nürnberg
60%
HRO Rostock
60%
AB Aschaffenburg
59%
BN Bonn
59%
HAL Halle
59%
MZ Mainz
59%
DU Duisburg
58%
GE Gelsenkirchen
58%
WOB Wolfsburg
58%
DAH Dachau
57%
HAM Hamm
57%
SB Saarbrücken
57%
BO Bochum
56%
EMD Emden
56%
HD Heidelberg
56%
KA Karlsruhe
56%
MD Magdeburg
56%
BA Bamberg
55%
BRB Brandenburg
55%
EF Erfurt
55%
Fürth
55%
LG Lüneburg
55%
UL Ulm
55%
G Gera
54%
HL Lübeck
54%
MA Mannheim
54%
MS Münster
54%
OL Oldenburg
54%
WI Wiesbaden
54%
CO Coburg
53%
DA Darmstadt
53%
LEV Leverkusen
53%
W Wuppertal
53%
BOT Bottrop
52%
BS Braunschweig
52%
KS Kassel
52%
KO Koblenz
52%
RÜG Rügen
52%
Tübingen
52%
FL Flensburg
51%
GI Gießen
51%
PB Paderborn
50%
AUR Aurich
49%
GT Gütersloh
49%
OB Oberhausen
49%
Würzburg
49%
GL Bergisch-Gladbach
48%
FD Fulda
48%
KLE Kleve
48%
SN Schwerin
48%
Z Zwickau
48%
BIT Bitburg
47%
CE Celle
47%
FÜS Füssen
47%
LER Leer
47%
OS Osnabrück
47%
CB Cottbus
46%
HI Hildesheim
46%
GTH Gotha
45%
HDH Heidenheim
45%
JÜL Jülich
45%
UN Unna
45%
AT Altentreptow
44%
BB Böblingen
44%
CLP Cloppenburg
44%
DEG Deggendorf
44%
ES Esslingen
44%
EU Euskirchen
44%
FF Frankfurt an der Oder
44%
IN Ingolstadt
44%
NEA | NEC | NEW | +2 others Neustadt
44%
PF Pforzheim
44%
SI Siegen
44%
TR Trier
44%
WIT Witten
44%
HR Homberg
43%
HOM Homburg
43%
LIP Lippe
43%
PLÖ Plön
43%
COC Cochem
42%
DEL Delmenhorst
42%
ER Erlangen
42%
KL Kaiserslautern
42%
MG Mönchengladbach
42%
PA Passau
42%
RV Ravensburg
42%
TUT Tuttlingen
42%
VIE Viersen
42%
WO Worms
42%
DN Düren
41%
GLA Gladbeck
41%
GS Goslar
41%
HA Hagen
41%
KN Konstanz
41%
KR Krefeld
41%
Lörrach
41%
MÜR Müritz
41%
BT Bayreuth
40%
HX Höxter
40%
MM Memmingen
40%
SIG Sigmaringen
40%
DE Dessau
39%
HGW Greifswald
39%
HER Herne
39%
KE Kempten
39%
LU Ludwigshafen
39%
NE Neuss
39%
RH Roth
39%
HWI Wismar
39%
ZEL Zell
39%
AM Amberg
38%
CW Calw
38%
DIN Dinslaken
38%
HN Heilbronn
38%
ROL Rottenburg
38%
AW Ahrweiler
37%
ANA Annaberg
37%
TÖL Bad Tölz
37%
COE Coesfeld
37%
GAP Garmisch-Partenkirchen
37%
HU Hanau
37%
ME Mettmann
37%
BIN Bingen
36%
GP Göppingen
36%
HBS Halberstadt
36%
HM Hameln
36%
HO Hof
36%
LA Landshut
36%
RT Reutlingen
36%
VEC Vechta
36%
VER Verden
36%
ECK Eckernförde
35%
FFB Fürstenfeldbruck
35%
IZ Itzehoe
35%
PI Pinneberg
35%
QLB Quedlinburg
35%
SG Solingen
35%
SHL Suhl
35%
WHV Wilhelmshaven
35%
AN Ansbach
34%
AU Aue
34%
GRZ Greiz
34%
PIR Pirna
34%
ROF | ROW Rotenburg
34%
WRN Waren
34%
Altötting
33%
BOR Borken
33%
CAS Castrop-Rauxel
33%
KUS Kusel
33%
LB Ludwigsburg
33%
NU Neu-Ulm
33%
RO Rosenheim
33%
SLS Saarlouis
33%
AIC Aichach
32%
AZ Alzey
32%
BZ Bautzen
32%
GG Groß-Gerau
32%
MH Mülheim
32%
NMS Neumünster
32%
OE Olpe
32%
PE Peine
32%
RW Rottweil
32%
SON Sonneberg
32%
WES Wesel
32%
ZW Zweibrücken
32%
BGD Berchtesgaden
31%
CHA Cham
31%
EM Emmendingen
31%
KEL Kehl
31%
MY Mayen
31%
OG Offenburg
31%
PL Plauen
31%
RA Rastatt
31%
RS Remscheid
31%
ROT Rothenburg
31%
SW Schweinfurt
31%
SO Soest
31%
HST Stralsund
31%
UE Uelzen
31%
VS Villingen-Schwenningen
31%
WE Weimar
31%
BC Biberach
30%
BTF Bitterfeld
30%
BOH Bocholt
30%
DIL Dillenburg
30%
GZ Günzburg
30%
IL Ilmenau
30%
LP Lippstadt
30%
MZG Merzig
30%
PAF Pfaffenhofen
30%
RE Recklinghausen
30%
SZ Salzgitter
30%
SP Speyer
30%
AP Apolda
29%
DUD Duderstadt
29%
FR Freiburg im Breisgau
29%
GER Germersheim
29%
GF Gifhorn
29%
GR Görlitz
29%
SU Siegburg
29%
WTM Wittmund
29%
AH Ahaus
28%
ABG Altenburg
28%
DÜW Bad Dürkheim
28%
EMS Bad Ems
28%
SE Bad Segeberg
28%
DGF Dingolfing
28%
FB | FDB Friedberg
28%
LWL Ludwigslust
28%
MON Monschau
28%
SÖM Sömmerda
28%
KG Bad Kissingen
27%
KH Bad Kreuznach
27%
EBE Ebersberg
27%
EA Eisenach
27%
ED Erding
27%
ERK Erkelenz
27%
FO Forchheim
27%
HF Herford
27%
LÜN Lünen
27%
MEI Meissen
27%
OF Offenbach am Main
27%
PR Prignitz
27%
WB Wittenberg
27%
EI Eichstätt
26%
KF Kaufbeuren
26%
MIL Miltenberg
26%
MO Moers
26%
PCH Parchim
26%
TBB Tauberbischofsheim
26%
TS Traunstein
26%
WZ Wetzlar
26%
AK Altenkirchen
25%
BAR Barnim
25%
FDS Freudenstadt
25%
HY Hoyerswerda
25%
KB Korbach
25%
LI Lindau
25%
NB Neubrandenburg
25%
QFT Querfurt
25%
SL Schleswig
25%
SHA Schwäbisch Hall
25%
STA Starnberg
25%
VAI Vaihingen
25%
WAT Wattenscheid
25%
WF Wolfenbüttel
25%
ARN Arnstadt
24%
ASL Aschersleben
24%
AIB Bad Aibling
24%
BKS Bernkastel
24%
FS Freising
24%
NR Neuwied
24%
PRÜ Prüm
24%
GD Schwäbisch Gmünd
24%
ZZ Zeitz
24%
ANK Anklam
23%
GUB Guben
23%
Güstrow
23%
HS Heinsberg
23%
ILL Illertissen
23%
NOR Norden
23%
NDH Nordhausen
23%
NOH Nordhorn
23%
TIR Tirschenreuth
23%
CR Crailsheim
22%
DAU Daun
22%
FN Friedrichshafen
22%
GRM Grimma
22%
GM Gummersbach
22%
KEH Kelheim
22%
KÖT Köthen
22%
Nördlingen
22%
SC Schwabach
22%
SDL Stendal
22%
WUN Wunsiedel
22%
ALZ Alzenau
21%
BL Balingen
21%
EW Eberswalde
21%
FT Frankenthal
21%
HP Heppenheim
21%
KT Kitzingen
21%
LL Landsberg am Lech
21%
LEO Leonberg
21%
MOS Mosbach
21%
NMB Naumberg
21%
GOA St.Goar
21%
WND St.Wendel
21%
ZI Zittau
21%
ALF Alfeld
20%
BM Bergheim
20%
BIR Birkenfeld
20%
DH Diepholz
20%
DLG Dillingen an der Donau
20%
GUN Gunzenhausen
20%
KU Kulmbach
20%
NI Nienberg
20%
ÜB Überlingen
20%
VK Völklingen
20%
HG Bad Homburg
19%
BER Bernau
19%
BOG Bogen
19%
BRA Brake
19%
BÜS Büsingen
19%
CLZ Clausthal
19%
DI Dieburg
19%
EIN Einbeck
19%
EIL Eisleben
19%
GK Geilenkirchen
19%
HAS Haßfurt
19%
HE Helmstedt
19%
MGN Meiningen
19%
MB Miesbach
19%
SAB Saarburg
19%
SAD Schwandorf
19%
IGB St.Ingbert
19%
STL Stollberg
19%
UM Uckermark
19%
WAN Wanne-Eickel
19%
ANG Angermünde
18%
BÜD Büdingen
18%
ESW Eschwege
18%
KÜN Künzelsau
18%
ÖHR Öhringen
18%
PEG Pegnitz
18%
SGH Sangerhausen
18%
SIM Simmern
18%
SR Straubing
18%
TG Torgau
18%
USI Usingen
18%
DBR Bad Doberan
17%
BBG Bernburg
17%
BCH Buchen
17%
DZ Delitzsch
17%
DIZ Diez
17%
EIC Eichsfeld
17%
ERB Erbach
17%
GEL Geldern
17%
LD Landau in der Pfalz
17%
MER Merseburg
17%
NM Neumarkt
17%
NOM Northeim
17%
RZ Ratzeburg
17%
RIE Riesa
17%
SEL Selb
17%
WR Wernigerode
17%
BK Backnang
16%
BE Beckum
16%
BID Biedenkopf
16%
BRV Bremervörde
16%
BÜZ Bützow
16%
EH Eisenhüttenstadt
16%
HBN Hildburghausen
16%
HOL Holzminden
16%
JE Jessen
16%
KC Kronach
16%
ND Neuberg
16%
NT Nürtingen
16%
PW Pasewalk
16%
PZ Prenzlau
16%
SFB Senftenberg
16%
TT Tettnang
16%
WEN Weiden
16%
REI Bad Reichenhall
15%
DKB Dinkelsbühl
15%
FEU Feuchtwangen
15%
FLÖ Flöha
15%
FZ Fritzlar
15%
FW Fürstenwalde
15%
GN Gelnhausen
15%
GRA Grafenau
15%
KW Königs Wusterhausen
15%
Mühldorf
15%
NAI Naila
15%
NAU Nauen
15%
NZ Neustrelitz
15%
OC Oschersleben
15%
SHG Schaumburg
15%
GOH St Goarshausen
15%
MGH Bad Mergentheim
14%
OD Bad Oldesloe
14%
EG Eggenfelden
14%
FKB Frankenberg
14%
GC Glauchau
14%
HDL Haldensleben
14%
KM Kamenz
14%
LF Laufen
14%
LIF Lichtenfels
14%
MHL Mühlhausen
14%
NP Neuruppin
14%
OCH Ochsenfurt
14%
RI Rinteln
14%
SÄK Säckingen
14%
SAW Salzwedel
14%
WAR Warburg
14%
WS Wasserburg
14%
WIZ Witzenhausen
14%
BRL Braunlage
13%
EB Eilenburg
13%
FI Finsterwalde
13%
HOR Horb
13%
KIB Kirchheimbolanden
13%
MEL Melle
13%
OP Opladen
13%
UFF Uffenheim
13%
VIB Vilsbiburg
13%
WA Waldeck
13%
WT Waldshut
13%
WM Weilheim
13%
ZP Zschopau
13%
BIW Bischofswerda
12%
BH Bühl
12%
FTL Freital
12%
GNT Genthin
12%
HGN Hagenow
12%
HIG Heiligenstadt
12%
HET Hettstedt
12%
HIP Hilpoltstein
12%
KRU Krumbach
12%
MET Mellrichstadt
12%
OHA Osterode am Harz
12%
PAN Pfarrkirchen
12%
SDH Sondershausen
12%
WSW Weißwasser
12%
WOR Wolfratshausen
12%
WUR Wurzen
12%
ZIG Ziegenhain
12%
ART Artern
11%
CA Calau
11%
HV Havelberg
11%
HCH Hechingen
11%
HÖS Höchstadt
11%
KY Kyritz
11%
LR Lahr
11%
OBB Obernburg
11%
OZ Oschatz
11%
REH Rehau
11%
SOG Schongau
11%
SMÜ Schwabmünchen
11%
WLG Wolgast
11%
GAN Bad Gandersheim
10%
LSZ Bad Langensalza
10%
BNA Borna
10%
BUR Buren
10%
FOR Forst
10%
LBZ Lübz
10%
MAI Mainburg
10%
NAB Nabburg
10%
NY Niesky
10%
ROD Roding
10%
SUL Sulzbach
10%
UEM Ueckermünde
10%
WZL Wanzleben
10%
ZS Zossen
10%
BF Burgsteinfurt
9%
DW Dippoldiswalde
9%
DL Döbeln
9%
EBS Ebermannstadt
9%
EBN Ebern
9%
GEO Gerolzhofen
9%
HOH Hofheim
9%
LÖB Löbau
9%
MAB Marienberg
9%
RN Rathenow
9%
SCZ Schleiz
9%
SDT Schwedt
9%
WEL Weilburg
9%
WSF Weißenfels
9%
WOL Wolfach
9%
WMS Wolmirstedt
9%
WBS Worbis
9%
ZR Zeulenroda
9%
AE Auerbach
8%
BLB Bad Berleburg
8%
DM Demmin
8%
GA Gardelegen
8%
HAB Hammelburg
8%
KEM Kemnath
8%
KÖZ Kötzting
8%
MC Malchin
8%
MN Mindelheim
8%
NEB Nebra
8%
ROK Rockenhausen
8%
SZB Schwarzenberg
8%
TP Templin
8%
VIT Viechtach
8%
WUM Waldmünchen
8%
WTL Wittlage
8%
WK Wittstock
8%
WOS Wolfstein
8%
BRK Bad Brückenau
7%
FRW Bad Freienwalde
7%
BUL Burglengenfeld
7%
GMN Grimmen
7%
GRH Großenhain
7%
HOG Hofgeismar
7%
KLZ Klötze
7%
LAN Landau an der Isar
7%
MAL Mallersdorf
7%
MED Meldorf
7%
MEG Melsungen
7%
MÜB Münchberg
7%
NH Neuhaus
7%
OVI Oberviechtach
7%
PN Pößneck
7%
RID Riedenburg
7%
RSL Roßlau
7%
VOH Vohenstrauß
7%
WG Wangen
7%
WOH Wolfhagen
7%
LIB Bad Liebenwerda
6%
SWA Bad Schwalbach
6%
BSB Bersenbrück
6%
ESB Eschenbach
6%
GV Gravenbroich
6%
HC Hainichen
6%
HMU Hanoversch
6%
KÖN Königshofen
6%
LC Luckau
6%
MOD Marktoberdorf
6%
MAK Marktredwitz
6%
NEN Neunburg
6%
PAR Parsberg
6%
RC Reichenbach
6%
RL Rochlitz
6%
SEF Scheinfeld
6%
SOB Schrobenhausen
6%
STO Stockach
6%
SRB Strausberg
6%
TE Teterow
6%
WEG Wegscheid
6%
WDA Werdau
6%
BSK Beeskow
5%
BED Brand-Erbisdorf
5%
LN Lübben
5%
SEB Sebnitz
5%
WER Wertingen
5%
WEM Wesermünde
5%
WEB Westerburg
5%
SLG Bad Saulgau
4%
GDB Gadesbusch
4%
GHC Gräfenhainichen
4%
HEB Hersbruck
4%
HHM Hohenmölsen
4%
LBS Lobenstein
4%
LH Lüdinghausen
4%
MW Mittweida
4%
SAN Stadtsteinach
4%
VOF Vilshofen
4%
RM Röbel
3%
GHA Geithain
2%
HOT Hohenstein-Ernstthal
2%
WD Weidenbrück
1%
Keine übereinstimmenden Quizze gefunden
Verteilung der Resultate
Anzahl Personen mit jedem Resultat
Perzentil nach korrekt beantworteten Fragen
Ihre Resultats-Entwicklung
Sie haben dieses Quiz seit der letzten Aktualisierung nicht gespielt